|
|
|
|
| LEADER |
01209nam a2200289 a 4500 |
| 001 |
11829801 |
| 008 |
101030s2000 inu 001 0 eng d |
| 010 |
|
|
|a 99068489
|
| 020 |
|
|
|a 817635435x
|
| 020 |
|
|
|a 0672318989
|
| 040 |
|
|
|a DLC
|c DLC
|d BD-DhAAL
|
| 082 |
0 |
4 |
|a 658.054678
|2 21
|
| 100 |
1 |
|
|a Walther, Stephen.
|
| 245 |
1 |
0 |
|a Sams teach yourself E-Commerce programming with ASP in 21 days /
|c Stephen Walther, Jonathan Levine.
|
| 246 |
3 |
0 |
|a Teach yourself E-Commerce programming with ASP in 21 days
|
| 246 |
3 |
|
|a E-Commerce programming with ASP in 21 days
|
| 260 |
|
|
|a Indianapolis, Ind. :
|b Sams ;
|a New Delhi :
|b Techmedia,
|c c2000.
|
| 300 |
|
|
|a 603 p. ;
|c 24 cm. +
|e 1 computer optical disc (4 3/4 in.)
|
| 500 |
|
|
|a Includes index.
|
| 541 |
1 |
|
|e 00010529
|
| 538 |
|
|
|a System requires Windows NT or Windows 2000 with Internet Information Server installed.
|
| 650 |
|
0 |
|a Electronic commerce.
|
| 630 |
0 |
0 |
|a Active server pages.
|
| 700 |
1 |
|
|a Levine, Jonathan.
|
| 852 |
4 |
|
|a Ayesha Abed Library
|j General Shelf.
|
| 999 |
|
|
|c 9926
|d 9926
|
| 952 |
|
|
|0 0
|1 0
|2 ddc
|4 0
|6 658_054678000000000_WAL_2000
|7 0
|9 12845
|a BRACUL
|b BRACUL
|c GEN
|d 2010-10-30
|l 1
|o 658.054678 WAL
|p 3010010529
|r 2013-03-14
|s 2013-03-13
|t 1
|w 2010-10-30
|y BK
|